Boosting effect of polyethylene glycol on sulphur accelerated crosslinking reactions: A study (Record no. 54896)

MARC details
000 -LEADER
fixed length control field 00419nam a2200109Ia 4500
100 ## - MAIN ENTRY--AUTHOR NAME
Personal name Sur R N
245 #0 - TITLE STATEMENT
Title Boosting effect of polyethylene glycol on sulphur accelerated crosslinking reactions: A study
260 ## - PUBLICATION, DISTRIBUTION, ETC. (IMPRINT)
Name of publisher Proceedings of the International Conference on Rubbers, Calcutta, December 12-14, 1997, Vol. II, pp. 203-206.
Year of publication 1997
700 ## - ADDED ENTRY--PERSONAL NAME
Personal name Ghosh A K
942 ## - ADDED ENTRY ELEMENTS (KOHA)
Koha item type Journals
Holdings
Withdrawn status Lost status Damaged status Not for loan Home library Current library Shelving location Date acquired Koha item type
      Journals RRII Library RRII Library Rubber chemistry 17/12/2021 Journals